Vertex operator algebras and the Monster /
Guardado en:
| Autor Principal: | |
|---|---|
| Otros Autores: | , |
| Formato: | Libro |
| Idioma: | English |
| Publicado: |
Boston :
Academic Press,
c1988.
|
| Series: | Pure and applied mathematics (Academic Press) ;
134. |
| Materias: | |
| Acceso en línea: | Publisher description |
| Etiquetas: |
Agregar Etiqueta
Sin Etiquetas, Sea el primero en etiquetar este registro!
|
| LEADER | 01688cam a2200325 a 4500 | ||
|---|---|---|---|
| 001 | MAT.inmabb006600 | ||
| 008 | 880913s1988####mau######b####001#0#eng## | ||
| 005 | 20120806115705.0 | ||
| 245 | 1 | 0 | |a Vertex operator algebras and the Monster / |c Igor Frenkel, James Lepowsky, Arne Meurman. |
| 260 | |a Boston : |b Academic Press, |c c1988. | ||
| 300 | |a liii, 508 p. ; |c 24 cm. | ||
| 490 | 1 | |a Pure and applied mathematics ; |v v. 134 | |
| 504 | |a Incluye referencias bibliográficas (p. 483-492) e índice. | ||
| 505 | 0 | |a 1. Lie Algebras -- 2. Formal Calculus -- 3. Realizations of sl(2) by Twisted Vertex Operators -- 4. Realizations of sl(2) by Untwisted Vertex Operators -- 5. Central Extensions -- 6. The Simple Lie Algebras An, Dn, En -- 7. Vertex Operator Realizations of An, Dn, En -- 8. General Theory of Untwisted Vertex Operators -- 9. General Theory of Twisted Vertex Operators -- 10. The Moonshine Module -- 11. Triality -- 12. The Main Theorem -- 13. Completion of the Proof -- Appendix: Complex Realization of Vertex Operator Algebras. | |
| 510 | 4 | |a MR, |c 90h:17026 | |
| 020 | |a 0122670655 | ||
| 100 | 1 | |a Frenkel, Igor. | |
| 700 | 1 | |a Lepowsky, J. |q (James) | |
| 700 | 1 | |a Meurman, Arne. | |
| 830 | 0 | |a Pure and applied mathematics (Academic Press) ; |v 134. | |
| 650 | 0 | |a Vertex operator algebras. | |
| 650 | 0 | |a Representations of algebras. | |
| 650 | 0 | |a Superstring theories. | |
| 650 | 0 | |a Finite groups. | |
| 650 | 0 | |a Modular functions. | |
| 084 | |a 17B65 (17B67 20D08 81Rxx 81Txx) |2 msc2000 | ||
| 010 | |a 88007533 | ||
| 040 | |a DLC |c DLC |d DLC | ||
| 856 | 4 | 2 | |3 Publisher description |u http://www.loc.gov/catdir/description/els032/88007533.html |
| 859 | |h 17 |i F879 |p A-7072 |b BIB. MATEMATICA | ||
